Logo BPK

Biblioteka

Politechniki Koszalińskiej

An illustrated history of the USA / (Rekord nr 49339)

Szczegóły MARC
000 -ETYKIETA REKORDU
podpole kontrolne o stałej długości 00510nam a2200181 i 4500
001 - NUMER KONTROLNY REKORDU
pole kontrolne bgj
020 ## - MIĘDZYNARODOWY ZNORMALIZOWANY NUMER KSIĄŻKI - ISBN
ISBN 0582749212 (pbk)
040 ## - ŹRÓDŁO KATALOGOWANIA
Instytucja, która utworzyła rekord BPK
041 ## - KOD JĘZYKA
Kod języka tekstu eng
920 ## - Międzynarodowy znormalizowany numer książki – ISBN
ISBN 0-582-74921-2 (pbk)
008 - POLE O STAŁEJ DŁUGOŚCI - DANE KONTROLNE
podpole kontrolne o stałej długości s uk f |000 0 eng
100 1# - NAZWA OSOBOWA
Nazwa osobowa O'CALLAGHAN, Bryn
245 10 - TYTUŁ/ODPOWIEDZIALNOŚĆ
Tytuł An illustrated history of the USA /
Pozostałe elementy strefy tytułu i oznaczenia odpowiedzialności Bryn O'Callaghan.
260 ## - STREFA ADRESU WYDAWNICZEGO
Miejsce wydania Harlow, Essex :
Nazwa wydawcy/dystrybutora Longman,
Data publikacji, dystrybucji/powstania dokumentu 1990.
300 ## - STREFA OPISU FIZYCZNEGO
Objętość 144 pp :
Inne cechy fizyczne maps, photos (mainly colour) ;
Rozmiary 25 cm.
651 #9 - HASŁO PRZEDMIOTOWE W FORMIE NAZWY GEOGRAFICZNEJ
Nazwa geograficzna United States
Określnik ogólny History
942 ## - DODATKOWE ELEMENTY (KOHA)
Typ dokumentu Książka
Egzemplarze
Wycofany Status egzemplarza Uszkodzony Dostępność Lokalizacja stała Lokalizacja bieżąca Numer ubytku Sygnatura Kod kreskowy Ostatnio wypożyczono Typ dokumentu Miejsce przechowywania
  Egz. niedostępny   Niedostępny Biblioteka Politechniki Koszalińskiej Biblioteka Politechniki Koszalińskiej p.ew. KA 664 09030619 13.03.2014 Książka  
  Egz. niedostępny   Niedostępny Biblioteka Politechniki Koszalińskiej Biblioteka Politechniki Koszalińskiej p.ew. KA 665 09028975 08.05.2014 Książka  
  Egz. niedostępny   Niedostępny Biblioteka Politechniki Koszalińskiej Biblioteka Politechniki Koszalińskiej p.ew. KA 666 09027152   Książka  
  Egz. niedostępny   Niedostępny Biblioteka Politechniki Koszalińskiej Biblioteka Politechniki Koszalińskiej p.ew. KA 668 09089167   Książka  
  Egz. niedostępny   Niedostępny Biblioteka Politechniki Koszalińskiej Biblioteka Politechniki Koszalińskiej p.ew. KA 669 09027169   Książka  
      Dostępny Biblioteka Politechniki Koszalińskiej Biblioteka Politechniki Koszalińskiej   KA 670 09028968   Książka Wypożyczalnia Językowa
  Egz. niedostępny   Niedostępny Biblioteka Politechniki Koszalińskiej Biblioteka Politechniki Koszalińskiej p.ew. KA 671 09027183   Książka  
  Egz. niedostępny   Niedostępny Biblioteka Politechniki Koszalińskiej Biblioteka Politechniki Koszalińskiej p.ew. KA 672 09016552   Książka  
  Egz. niedostępny   Niedostępny Biblioteka Politechniki Koszalińskiej Biblioteka Politechniki Koszalińskiej p.ew. KA 673 09027176   Książka  
  Egz. niedostępny   Niedostępny Biblioteka Politechniki Koszalińskiej Biblioteka Politechniki Koszalińskiej p.ew. KA 674 09027190   Książka  
  Egz. niedostępny   Niedostępny Biblioteka Politechniki Koszalińskiej Biblioteka Politechniki Koszalińskiej p.ew. KA 675 KA 675   Książka  
  Egz. niedostępny   Niedostępny Biblioteka Politechniki Koszalińskiej Biblioteka Politechniki Koszalińskiej p.ew. KA 4389 01422245   Książka  
  Egz. niedostępny   Niedostępny Biblioteka Politechniki Koszalińskiej Biblioteka Politechniki Koszalińskiej p.ew. KA 4390 09036932   Książka  
  Egz. niedostępny   Niedostępny Biblioteka Politechniki Koszalińskiej Biblioteka Politechniki Koszalińskiej p.ew. KA 4391 09018419   Książka  
© 2023 Biblioteka Politechniki Koszalińskiej :: KOHA